000 00650nam a22002177a 4500
001 sjds170189
003 sjds
005 20171016141501.0
008 171016b ohu||||| |||| 00| 0 spa d
020 _a9780026858335 (pbk.)
020 _a0026858339 (pbk.)
040 _csjds
041 _aspa
_heng
100 1 _aAda, Alma Flor.
240 _aMy mother plants strawberries
245 _aMi mama siembra fresas /
_ccuento de Alma Flor Ada ; ilustraciones de Larry Ramond.
260 _a Columbus, OH :
_bSRA Macmillan/McGraw-Hill,
_cc1995.
300 _a16 pages :
_bcolor illustrations ;
_c31 cm
700 1 _aRamond, Larry.
942 _cBK
999 _c18936
_d18936